Restaurant management : (Record no. 344348)
[ view plain ]
| 000 -LEADER | |
|---|---|
| fixed length control field | 01191 a2200193 4500 |
| 020 ## - INTERNATIONAL STANDARD BOOK NUMBER | |
| International Standard Book Number | 0132017741 |
| 020 ## - INTERNATIONAL STANDARD BOOK NUMBER | |
| International Standard Book Number | 9780132017749 |
| 082 04 - DEWEY DECIMAL CLASSIFICATION NUMBER | |
| Classification number | 647.95068 |
| 100 1# - MAIN ENTRY--PERSONAL NAME | |
| Personal name | Mill, Robert Christe. |
| 9 (RLIN) | 125198 |
| 245 10 - TITLE STATEMENT | |
| Title | Restaurant management : |
| Remainder of title | customers, operations, and employees / |
| Statement of responsibility, etc. | Robert Christe Mill. |
| 250 ## - EDITION STATEMENT | |
| Edition statement | 1st ed. |
| 260 ## - PUBLICATION, DISTRIBUTION, ETC. | |
| Place of publication, distribution, etc. | [S.l.] : |
| Name of publisher, distributor, etc. | Prentice Hall, |
| Date of publication, distribution, etc. | 1998. |
| 300 ## - PHYSICAL DESCRIPTION | |
| Extent | 388 p. ; |
| Dimensions | 24 cm. |
| 500 ## - GENERAL NOTE | |
| General note | Hardcover. |
| 520 ## - SUMMARY, ETC. | |
| Summary, etc. | For undergraduate courses in Introduction to Food and Beverage Operations, Culinary Management, and Food and Beverage Management. Exceptionally comprehensive yet accessible, this text identifies the crucial elements involved in the operation of a restaurant, and their interrelationships that are necessary to achieve success. It shows, clearly and in detail, how to balance customer satisfaction and employee productivity in order to manage operations (food and beverage items and the physical facility) at a profit. |
| 856 40 - ELECTRONIC LOCATION AND ACCESS | |
| Materials specified | Amazon.com |
| Uniform Resource Identifier | <a href="http://www.amazon.com/exec/obidos/ASIN/0132017741/chopaconline-20">http://www.amazon.com/exec/obidos/ASIN/0132017741/chopaconline-20</a> |
| 856 40 - ELECTRONIC LOCATION AND ACCESS | |
| Materials specified | Amazon customer reviews |
| Uniform Resource Identifier | <a href="http://www.chopac.org/cgi-bin/tools/azrev.pl?q=0132017741">http://www.chopac.org/cgi-bin/tools/azrev.pl?q=0132017741</a> |
| 942 ## - ADDED ENTRY ELEMENTS (KOHA) | |
| Institution code [OBSOLETE] | NBS |
| Koha item type | Book |
| Call number prefix | 647.95068 CHR |
| Source of classification or shelving scheme | |
| Withdrawn status | Lost status | Source of classification or shelving scheme | Damaged status | Not for loan | Permanent Location | Current Location | Date acquired | Full call number | Barcode | Date last seen | Price effective from | Koha item type |
|---|---|---|---|---|---|---|---|---|---|---|---|---|
| Central Library (CL) | Central Library (CL) | 08/28/2013 | 647.95068 MIL | NBS3086 | 08/28/2013 | 08/28/2013 | Book |
